00564nam a22001697a 450000500170000001000150001702000260003203500150005803700140007308200170008710000180010424500880012226000360021027000600024630000360030650000520034220181018163743.0 aENG-124333 c695.00a9788178245324 a EN-107865 bDBAD/PUB. a791.43095435 aSrinivas S.V. aPolitics as performance:cby S.V. Srinivasba social history of the telugu cinema / aRanikhetbPermanent Blackc2018 aHimalayana, Mall Road, Ranikhet CanttbRanikhete263645 axxi, 431p.c22cm(pbk)bill.maps aIt includes conclusion, bibliography and index.